000 00332nam a2200145Ia 4500
008 191201s2006 xx 000 0 und d
082 _a658.87
_bGIR
100 _aGILBERT,David
245 0 _aRetail Marketing Management
250 _aIMP
260 _aN. Delhi
_bPearson
_c2006
300 _a457
650 _aBBA
942 _2ddc
_cBK
999 _c5793
_d5793